000 01785nam0a2200349 i 4500
001 RU\NLR\BIBL_A\010668344
005 20260510040533.0
010 _a9785990598003
035 _a(NLR Aleph) 010668344
090 _a9594674
_c9594674
100 _a20150209d2015 k y0rusy50 ca
101 0 _arus
_deng
102 _aRU
105 _ay|||z|||001yy
200 1 _aМишель Фуко и литература
_eнаучный сборник
_fМоск. гос. ун-т им. М.В. Ломоносова, Филол. фак., Каф. истории зарубеж. лит.
_gпод. ред. д.филол.н., проф. Н.Т. Пахсарьян [и др.]
210 _aСанкт-Петербург
_cАлетейя
_cИсторическая книга
_d2015
215 _a142, [1] с.
_d20
300 _aРез. на англ. яз.
320 _aБиблиогр. в примеч. в конце ст. и в подстроч. примеч.
333 _a18+
600 1 _aФуко
_bМ.П.
_f1926 - 1984
_gМишель Поль
_xФилософские взгляды
_92082553
_3RU\NLR\AUTH\661258578
606 _aЛитература и философия
_91486076
_3RU\NLR\AUTH\66636021
686 1 _aШ5(0)-304
686 1 _aЮ3(4Фр)6-63
686 1 _aЮ802.452
702 1 _4340
_7ca
_8rus
_aПахсарьян
_bН. Т.
_f1950-
_gНаталья Тиграновна
_9139693
_3RU\NLR\AUTH\770139728
702 1 _4570
_7ca
_8rus
_aФуко
_bМ.
_f1926-1984
_gМишель
_931434
_3RU\NLR\AUTH\7748499
712 0 2 _4570
_aМГУ им. М. В. Ломоносова
_bКафедра истории зарубежной литературы
_9571922
_3RU\NLR\AUTH\8810036621
942 _cBOOK
980 _aNBR